000 00415nam a22001697a 4500
003 MPLRDC
005 20220104114558.0
008 210129b ||||| |||| 00| 0 eng d
082 _a855 LQY
100 _a庐青云著
245 _a千里烟波
_c
260 _a
_b香港宏业书局
_c1989
300 _b
490 _a香港名家散文丛书;4
650 _a散文;随笔、日记
942 _cBK
_o855 LQY
999 _c8583
_d8573